Statistics for Italian Lesson 1 Nouns

Click here to take the quiz!

General Stats

  • This quiz has been taken 32 times
  • The average score is 61 of 112

Answer Stats

EnglishItalian% Correct
animalanimale
100%
airportaeroporto
93%
brotherfratello
93%
booklibro
93%
applemela
93%
housecasa
86%
hourora
86%
auntzia
86%
actorattore
79%
butterburro
79%
coffeecaffè
79%
catgatto
79%
car (machine)macchina
79%
monthmese
79%
boyragazzo
79%
child (f.)bambina
71%
child (m.)bambino
71%
cinemacinema
71%
citycittà
71%
computercomputer
71%
doctor (m.)dottore
71%
familyfamiglia
71%
filmfilm
71%
photofoto
71%
mindmente
71%
motorbikemoto
71%
problemproblema
71%
girlragazza
71%
mousetopo
71%
bulltoro
71%
manuomo
71%
egguovo
71%
actressattrice
64%
armbraccio
64%
doctor (f.)dottoressa
64%
daughterfiglia
64%
handmano
64%
oilolio
64%
beachspiaggia
64%
hotelalbergo
57%
friend (f.)amica
57%
friend (m.)amico
57%
carauto
57%
conversationconversazione
57%
dentistdentista
57%
sonfiglio
57%
journalistgiornalista
57%
cowmucca
57%
hospitalospedale
57%
radioradio
57%
sistersorella
57%
stationstazione
57%
sugarzucchero
57%
singercantante
50%
coatcappotto
50%
papercarta
50%
cook (f.)cuoca
50%
cook (m.)cuoco
50%
flowerfiore
50%
firefuoco
50%
gardengiardino
50%
gamegioco
50%
personpersona
50%
saltsale
50%
sculptor (m.)scultore
50%
story/historystoria
50%
roadstrada
50%
student (m.)studente
50%
student (f.)studentessa
50%
universityuniversità
50%
unclezio
50%
apartmentappartamento
43%
crisiscrisi
43%
difficultydifficoltà
43%
fingerdito
43%
womandonna
43%
engineeringegnere
43%
managermanager
43%
wordparola
43%
povertypovertà
43%
sculptor (f.)scultrice
43%
seriesserie
43%
spacespazio
43%
traintreno
43%
dramadramma
36%
geologist (f.)geologa
36%
geologist (m.)geologo
36%
nurse (f.)infermiera
36%
nurse (m.)infermiere
36%
placeluogo
36%
monstermostro
36%
enemy (f.)nemica
36%
enemy (m.)nemico
36%
swimmingnuoto
36%
footpiede
36%
painter (m.)pittore
36%
painter (f.)pittrice
36%
psychologist (f.)psicologa
36%
psychologist (m.)psicologo
36%
shoescarpa
36%
weeksettimana
36%
yachtyacht
36%
hole (f.)buca
29%
hole (m.)buco
29%
gnomegnomo
29%
teacher (m.)professore
29%
teacher (f.)professoressa
29%
xylophonexilofono
29%
matchstickfiammifero
21%
sheetlenzuolo
14%
opportunityoccasione
7%
tyrepneumatico
7%

Score Distribution

Percentile by Number Answered

Percent of People with Each Score

Your Score History

You have not taken this quiz